| 000 | 00514nam a2200181Ia 4500 | ||
|---|---|---|---|
| 005 | 20250326142525.0 | ||
| 008 | 250326s9999 xx 000 0 und d | ||
| 037 | _aTextbook | ||
| 040 |
_aFMSL _beng _cFMSL |
||
| 041 |
_aeng _2eng |
||
| 084 |
_aB2893 M9;1 _qFMSL |
||
| 100 | _aSharma J K | ||
| 245 | 0 |
_aMathematical models in operations research _cSharma J K |
|
| 260 |
_aNew Delhi _bNew Delhi, Tata McGraw Hill _c1989 |
||
| 300 | _a635p | ||
| 942 |
_cTB _hB2893 M9;1 |
||
| 999 |
_c1295429 _d1295429 |
||